Le caoutchouc 'rouge' (Record no. 75401)

MARC details
000 -LEADER
fixed length control field 00251nam a22000977a 4500
100 ## - MAIN ENTRY--AUTHOR NAME
Personal name Serier, J.B.
245 ## - TITLE STATEMENT
Title Le caoutchouc 'rouge'
260 ## - PUBLICATION, DISTRIBUTION, ETC. (IMPRINT)
Place of publication France
Name of publisher Institut de Recherches sur le Caoutchouc (IRCA)
Year of publication 1988
300 ## - PHYSICAL DESCRIPTION
Number of Pages 107-109,170-172
942 ## - ADDED ENTRY ELEMENTS (KOHA)
Koha item type Reprints
Holdings
Withdrawn status Lost status Damaged status Not for loan Home library Current library Date acquired Koha item type
        RRII Library RRII Library 28/02/2025 Reprints